000 00641cam a22002413a 4500
001 24447
003 PGUSA
005 20140828083525.0
008 080128s2008||||xxu|||||s|||||000 1 eng d
040 _aPGUSA
_beng
042 _adc
050 4 _aPG
100 1 _aStepniak, S.,
_d1851-1895
245 1 0 _aEn Nihilist
_h[electronic resource] /
_cS. Stepniak
260 _bProject Gutenberg,
_c2008
506 _aPublic domain in the USA.
516 _aElectronic text
653 _aNihilism -- Fiction
700 1 _aDrachman, E.
830 0 _aProject Gutenberg
_v24447
856 4 0 _uhttp://www.gutenberg.org/ebooks/24447
942 _cEB
999 _c253702
_d253702